James Baldwin: Pasion y esplendor de un novelista negro

Збережено в:
Бібліографічні деталі
Автор: Wedin Silvander, Carolyn
Формат: Книга
Мова:Undetermined
Опубліковано: Buenos Aires, Argentina Aragon 1980
Предмети:
Теги: Додати тег
Немає тегів, Будьте першим, хто поставить тег для цього запису!

MARC

LEADER 00000nam a2200000Ia 4500
008 170316s9999 xx 000 0 und d
999 |c 6236  |d 6236 
040 |a cru BVZT 
090 |a 810 W-12ja 
100 |a Wedin Silvander, Carolyn 
245 |a James Baldwin: Pasion y esplendor de un novelista negro 
260 |a Buenos Aires, Argentina 
260 |b Aragon 
260 |c 1980 
300 |a 222 páginas 
650 |a LITERATURA ESTADOUNIDENSE  |9 25 
942 |c LIB  |h 810 W-12ja  |2 z